000 00489nam a2200193 a 4500
001 1767946523874
003 YourLibrary
005 20260110115633.0
008 260109s1998##################000#0#eng##
020 _a9780198203070
082 0 4 _a302.2
_bVIN
100 1 _aVincent, David,
_eauthor.
245 1 0 _aThe Culture of Secrecy :
260 _bClarendon Press,
_c1998.
300 _a386 pages
650 0 _aHistory.
942 _cENGLISH
040 _aYourLibrary
_beng
_cYourLibrary
999 _c608062
_d608062